00904cam a2200253 a 450000100100000000500170001000800410002704000230006808200190009110000330011024500770014325000400022026000430026030000200030365000320032365000320035570000290038770000350041674000180045191000340046904900090050395201230051299900150063500001003120200929161817.0880404s1987 ho 000 0 spa  aDO-SdBNPcDLCdDLC aH861.44bS715t1 aSosa, Roberto,d1930-92498810a13 poemas /cRoberto Sosa ; traducciones Joerg Witte, Beat Paul Sterchi. aEd. bilingüe, español-alemán. a[Tegucigalpa?] :bHormiga Roja,c1987. a35 p. ;c22 cm. 4aPoesía hondureña916914 4aLiteratura hondureña98361 aWitte, Joergetr.9249891 aSterchi, Beat Pauletr.9249900 aTrece poemas. aCatalogación por copia / LC aBNGR 001052708MOaGRbGRcCTd2009-10-02iLF1l0oH861.44 S715tp10031-10r2020-06-25w2020-06-25y2ZPréstamo interno c9790d9790